المعايير المنظمة لتصميم الحدائق في مصر القديمة حتى نهاية عصر الدولة الحديثة / (Record no. 178756)

MARC details
000 -LEADER
fixed length control field 03824namaa22004331i 4500
003 - CONTROL NUMBER IDENTIFIER
control field OSt
005 - أخر تعامل مع التسجيلة
control field 20260401131859.0
008 - FIXED-LENGTH DATA ELEMENTS--GENERAL INFORMATION
fixed length control field 250827s2024 ua a|||frm||| 000 0 eng d
040 ## - CATALOGING SOURCE
Original cataloguing agency EG-GICUC
Language of cataloging ara
Transcribing agency EG-GICUC
Modifying agency EG-GICUC
Description conventions rda
041 0# - LANGUAGE CODE
Language code of text/sound track or separate title ara
Language code of summary or abstract ara
-- eng
049 ## - Acquisition Source
Acquisition Source إيداع
082 04 - DEWEY DECIMAL CLASSIFICATION NUMBER
Classification number 725.7
092 ## - LOCALLY ASSIGNED DEWEY CALL NUMBER (OCLC)
Classification number 725.7
Edition number 21
097 ## - Degree
Degree مــــاجستير
099 ## - LOCAL FREE-TEXT CALL NUMBER (OCLC)
Local Call Number Cai01.14.02.M.Sc.2024.نه.م
100 0# - MAIN ENTRY--PERSONAL NAME
Authority record control number or standard number ،نهى سليمان محمد عبد الله
Preparation إعداد.
245 12 - TITLE STATEMENT
Title المعايير المنظمة لتصميم الحدائق في مصر القديمة حتى نهاية عصر الدولة الحديثة /
Statement of responsibility, etc. إعداد نهى سليمان محمد عبد الله؛ إشراف أ.د. زينب علي محمد محروس، أ.د. نهى أحمد عبد العزيز.
246 15 - VARYING FORM OF TITLE
Title proper/short title The criteria organizing gardens’ design in ancient egypt until the end of the new kingdom /
264 #0 - PRODUCTION, PUBLICATION, DISTRIBUTION, MANUFACTURE, AND COPYRIGHT NOTICE
Date of production, publication, distribution, manufacture, or copyright notice 2024.
300 ## - PHYSICAL DESCRIPTION
Extent 328 صفحة :
Other physical details إيضاحيات ؛
Dimensions 30 سم. +
Accompanying material CD.
336 ## - CONTENT TYPE
Content type term text
Source rda content
337 ## - MEDIA TYPE
Media type term Unmediated
Source rdamedia
338 ## - CARRIER TYPE
Carrier type term volume
Source rdacarrier
502 ## - DISSERTATION NOTE
Dissertation note أطروحة (ماجستير)-جامعة القاهرة، 2024.
504 ## - BIBLIOGRAPHY, ETC. NOTE
Bibliography, etc. note ببليوجرافيا: صفحات 320-328.
520 ## - SUMMARY, ETC.
Summary, etc. تتكون الرسالة من مقدمة، وتمهيد يقدم لأهمية الحدائق عند المصري القديم، وثلاثة أبواب. وملحق للوحات. يتناول الباب الأول المفردات الدالة على الحديقة والعاملين بها ويطرح تساؤل حول مصمم الحديقة. بينما يتناول الباب الثاني بالوصف والتحليل جميع النصوص والآثار والمناظر للوصول في نهايته لجدول يلخص معايير تصميم الحدائق في مصر القديمة حتى نهاية عصر الدولة الحديثة، وأثر العوامل البيئية والدينية والوظيفية على تلك المعايير، وأهم النماذج من الحضارة المصرية القديمة. ثم يقدم الباب الثالث تطبيقًا عمليًّا على تلك المعايير باقتراح إعادة إحياء حديقة موقع مجمع معابد الكرنك الأثري.
520 ## - SUMMARY, ETC.
Summary, etc. Thesis has is divided into an introduction, a preface, 3 chapters, and Appendix of plates. The first chapter deals with the vocabulary that refers to the garden and its workers and questions about the garden’s designer. While the second chapter deduces garden design standards through describing and analyzing antiquities, texts, and inscriptions, the impact of environmental, religious, and functional factors on those standards. The third chapter presents a practical application of these standards by proposing to revive the garden of the archaeological site of the Karnak temple complex.
530 ## - ADDITIONAL PHYSICAL FORM AVAILABLE NOTE
Issues CD صدر أيضًا كقرص مدمج.
546 ## - LANGUAGE NOTE
Text Language النص بالعربية والملخص باللغة الإنجليزية والعربية.
650 #7 - SUBJECT ADDED ENTRY--TOPICAL TERM
Topical term or geographic name entry element الحدائق
Source of heading or term qrmak
General subdivision تنسيق
650 #7 - SUBJECT ADDED ENTRY--TOPICAL TERM
Topical term or geographic name entry element الحدائق
General subdivision تخطيط مساحات
653 #0 - INDEX TERM--UNCONTROLLED
Uncontrolled term العوامل البيئية والمناخية
-- العوامل الدينية
-- العوامل الوظيفية
700 0# - ADDED ENTRY--PERSONAL NAME
Personal name زينب علي محمد محروس
Relator term مشرف أطروحة.
700 0# - ADDED ENTRY--PERSONAL NAME
Personal name نهى أحمد عبد العزيز
Relator term مشرف أطروحة.
900 ## - Thesis Information
Grant date 17-11-2024
Supervisory body زينب علي محمد محروس
-- نهى أحمد عبد العزيز
Discussion body طارق سيد توفيق
-- سهام أبو سريع هارون
Universities جامعة القاهرة
Faculties كلية الآثار
Department قسم الآثار المصرية
905 ## - Cataloger and Reviser Names
Cataloger Name Sara Salah
Reviser Names Afaf
942 ## - ADDED ENTRY ELEMENTS (KOHA)
Source of classification or shelving scheme Dewey Decimal Classification
Koha item type Thesis
Edition 21
Suppress in OPAC No
Holdings
Source of classification or shelving scheme Home library Current library Date acquired Inventory number Full call number Barcode Date last seen Effective from Koha item type
Dewey Decimal Classification المكتبة المركزبة الجديدة - جامعة القاهرة قاعة الرسائل الجامعية - الدور الاول 26.02.2026 33025 Cai01.14.02.M.Sc.2024.نه.م 01010100033025000 26.02.2026 26.02.2026 Thesis
Cairo University Libraries Portal Implemented & Customized by: Eng. M. Mohamady Contacts: new-lib@cl.cu.edu.eg | cnul@cl.cu.edu.eg
CUCL logo CNUL logo
© All rights reserved — Cairo University Libraries
CUCL logo
Implemented & Customized by: Eng. M. Mohamady Contact: new-lib@cl.cu.edu.eg © All rights reserved — New Central Library
CNUL logo
Implemented & Customized by: Eng. M. Mohamady Contact: cnul@cl.cu.edu.eg © All rights reserved — Cairo National University Library